Sports Quiz

Random Sports or NFL Quiz
Score 0/10 Timer 05:00
0 Plays Today
Draft pick # Name % Correct
1Keyshawn Johnson
93%
89Terrell Owens
71.4%
19Marvin Harrison
69.2%
24Eric Moulds
31.5%
7Terry Glenn
30.5%
43Muhsin Muhammad
24.8%
34Amani Toomer
22%
135Joe Horn
20.4%
18Eddie Kennison
19.4%
52Bobby Engram
11.4%
Remove Ads.
Support Sporcle.
Get the best of Sporcle when you Go Orange. This ad-free experience offers more features, more stats, and more fun while also helping to support Sporcle. Thank you for becoming a member.

You're not logged in!

Compare scores with friends on all Sporcle quizzes.
OR
Log In

Show Comments

Extras

Top Quizzes Today


Score Distribution

Your Account Isn't Verified!

In order to create a playlist on Sporcle, you need to verify the email address you used during registration. Go to your Sporcle Settings to finish the process.

Report this User

Report this user for behavior that violates our Community Guidelines.

Details: